000 00742cam a22002175a 4500
001 L135295
002 9910
008 061010s2006 xxkk f 000 0 eng u
035 _a(Sirsi) u135295
050 0 4 _a692.8 $2 18
110 2 _aRoyal Institution of Chartered Surveyors
_94900
245 _aValuation for JCT IC05
_bJCT 2005, pads of 150
260 _aLondon
_bRICS Books
_c2006
300 _a3p.
_c32cm.
520 _aSample of the originals used to make the pad sold by RICS.
521 2 _aAdvanced
650 2 4 _aJCT STANDARD BUILDING CONTRACT (2005 EDITION)
651 4 _aUnited Kingdom
_y
690 _aBUILT ENVIRONMENT-BUILDING CONTRACT FORMS-STANDARD FORMS OF BUILDING CONTRACT-JOINT CONTRACTS TRIBUNAL CONTRACTS
942 _n0
999 _c105986
_d105986